Nástroje behaviorálnej ekonómie na zefektívnenie fungovania domácností diplomová práca

Na minha lista:
Detalhes bibliográficos
Autor principal: Belluš, Jozef
Autor Corporativo: Národohospodárska fakulta EU. Katedra financií
Outros Autores: Beličková, Kornélia, 1966-
Formato: Livro
Idioma:eslovaco
Publicado em: Bratislava 2022
Tags: Adicionar Tag
Sem tags, seja o primeiro a adicionar uma tag!

MARC

LEADER 00000nbm a2200000 4500
001 0284021
005 20221025132132.4
041 0 |a slo 
044 |a SK 
245 1 0 |a Nástroje behaviorálnej ekonómie na zefektívnenie fungovania domácností  |b diplomová práca  |c Jozef Belluš ; školiteľ: Kornélia Beličková 
264 1 |a Bratislava  |c 2022 
300 |a 51 s. 
100 1 |a Belluš, Jozef 
700 1 |a Beličková, Kornélia, 1966- 
710 2 |a Národohospodárska fakulta EU. Katedra financií